All About You - McFly (All Lyrics) - Statistics

General Stats
  • This quiz has been taken 13 times
  • The average score is 217 of 235
Answer Stats
Answer % Correct
a
100%
about
100%
about)
100%
all
100%
and
100%
And
100%
do
100%
I
100%
It's
100%
(it's
100%
(It's
100%
"It's
100%
it's
100%
knew
100%
know
100%
like
100%
my
100%
on
100%
say
100%
So
100%
the
100%
Then
100%
to
100%
what
100%
you
100%
you)
100%
you,
100%
you"
100%
"You
100%
your
100%
Don't
89%
If
89%
if
89%
in
89%
me
89%
of
89%
one
89%
told
89%
would
89%
Yes,
89%
asked
78%
baby
78%
But
78%
close
78%
hold
78%
I'd
78%
life
78%
make
78%
Said,
78%
smile
78%
something
78%
thought
78%
too
78%
used
78%
with
78%
Yeah...
78%
Yesterday,
78%
Dancing
67%
kisses
67%
kitchen
67%
three
67%
tiles
67%
wishes
67%
words,
67%
worthwhile,
67%
worthwhile
67%
answer
56%
deny
56%
ear
56%
whispered
56%
No matching quizzes found
Score Distribution
Percent of People with Each Score
Percentile by Number Answered
Your Score History
You have not taken this quiz